The violence of peace : (Record no. 14891)

000 -LEADER
fixed length control field 01854cam a22003855a 4500
001 - CONTROL NUMBER
control field 16743578
005 - DATE AND TIME OF LATEST TRANSACTION
control field 20170105102906.0
008 - FIXED-LENGTH DATA ELEMENTS--GENERAL INFORMATION
fixed length control field 110420s2011 nyu e b 001 0 eng c
010 ## - LIBRARY OF CONGRESS CONTROL NUMBER
LC control number 2011389731
020 ## - INTERNATIONAL STANDARD BOOK NUMBER
International Standard Book Number 9780984295173
020 ## - INTERNATIONAL STANDARD BOOK NUMBER
International Standard Book Number 0984295178
035 ## - SYSTEM CONTROL NUMBER
System control number (OCoLC)ocn668190438
040 ## - CATALOGING SOURCE
Original cataloging agency BTCTA
Transcribing agency BTCTA
Modifying agency YDXCP
-- WI9WB
-- RCJ
-- BWX
-- UPZ
-- IXA
-- CDX
-- ZCU
-- DLC
042 ## - AUTHENTICATION CODE
Authentication code pcc
043 ## - GEOGRAPHIC AREA CODE
Geographic area code n-us---
-- a-iq---
-- a-af---
050 00 - LIBRARY OF CONGRESS CALL NUMBER
Classification number E907
Item number .C366 2011
082 00 - DEWEY DECIMAL CLASSIFICATION NUMBER
Classification number 973.932092
Edition number 23
100 1# - MAIN ENTRY--PERSONAL NAME
Personal name Carter, Stephen L.,
Dates associated with a name 1954-
245 14 - TITLE STATEMENT
Title The violence of peace :
Remainder of title America's wars in the age of Obama /
Statement of responsibility, etc. Stephen L. Carter.
260 ## - PUBLICATION, DISTRIBUTION, ETC.
Place of publication, distribution, etc. New York :
Name of publisher, distributor, etc. Beast Books,
Date of publication, distribution, etc. c2011.
300 ## - PHYSICAL DESCRIPTION
Extent xiv, 255 p. ;
Dimensions 25 cm.
504 ## - BIBLIOGRAPHY, ETC. NOTE
Bibliography, etc. note Includes bibliographical notes and index.
505 0# - FORMATTED CONTENTS NOTE
Formatted contents note Eliminating enemies -- No equivalence -- The rights and dignities of strangers -- The American proviso.
520 ## - SUMMARY, ETC.
Summary, etc. Presents an analysis of Barack Obama's views on war and the military in the first two years of his presidency, discussing his evolution from being a peace candidate to being a president conducting two wars and how this change affects national security and the nation's future.
600 10 - SUBJECT ADDED ENTRY--PERSONAL NAME
Personal name Obama, Barack
General subdivision Military leadership.
650 #0 - SUBJECT ADDED ENTRY--TOPICAL TERM
Topical term or geographic name entry element National security
Geographic subdivision United States.
650 #0 - SUBJECT ADDED ENTRY--TOPICAL TERM
Topical term or geographic name entry element Afghan War, 2001-
General subdivision Political aspects
Geographic subdivision United States.
650 #0 - SUBJECT ADDED ENTRY--TOPICAL TERM
Topical term or geographic name entry element Iraq War, 2003-2011
General subdivision Political aspects
Geographic subdivision United States.
651 #0 - SUBJECT ADDED ENTRY--GEOGRAPHIC NAME
Geographic name United States
General subdivision Military policy.
856 42 - ELECTRONIC LOCATION AND ACCESS
Materials specified Contributor biographical information
Uniform Resource Identifier <a href="http://www.loc.gov/catdir/enhancements/fy1110/2011389731-b.html">http://www.loc.gov/catdir/enhancements/fy1110/2011389731-b.html</a>
856 42 - ELECTRONIC LOCATION AND ACCESS
Materials specified Publisher description
Uniform Resource Identifier <a href="http://www.loc.gov/catdir/enhancements/fy1110/2011389731-d.html">http://www.loc.gov/catdir/enhancements/fy1110/2011389731-d.html</a>
906 ## - LOCAL DATA ELEMENT F, LDF (RLIN)
a 7
b cbc
c pccadap
d 2
e ncip
f 20
g y-gencatlg
942 ## - ADDED ENTRY ELEMENTS (KOHA)
Source of classification or shelving scheme
Koha item type Book
Holdings
Withdrawn status Lost status Damaged status Not for loan Collection code Permanent Location Current Location Shelving location Date acquired Total Checkouts Full call number Barcode Date last seen Price effective from Koha item type
          Centre for International Peace & Stability (CIPS) Centre for International Peace & Stability (CIPS) General Stacks 10/01/2013   973.932092 CAR 2011 CIPS0001632 10/24/2013 10/24/2013 Book
© 2023 Central Library, National University of Sciences and Technology. All Rights Reserved.